Totem e tabù

Պահպանված է:
Մատենագիտական մանրամասներ
Հիմնական հեղինակ: Freud Sigmund
Ձևաչափ: Գիրք
Լեզու:Undetermined
Հրապարակվել է: Roma Newton 1990
Ցուցիչներ: Ավելացրեք ցուցիչ
Չկան պիտակներ, Եղեք առաջինը, ով նշում է այս գրառումը!

MARC

LEADER 00000nam a2200000Ia 4500
001 271
003 NUMERAZIONE-ORIGINALE-BRESCIA
005 20260206230751.0
008 260206s9999 xx 000 0 und d
100 |a Freud Sigmund 
245 0 |a Totem e tabù 
260 |a Roma 
260 |b Newton 
260 |c 1990 
500 |a Grandi tascabili economici 
942 |2 ddc  |c BK  |n 0 
952 |0 0  |1 0  |2 ddc  |4 0  |6 23  |7 0  |9 28469  |a BS  |b BS  |d 2026-02-06  |i 271  |l 0  |o 2-3-*  |r 2026-02-06 22:40:36  |w 2026-02-06  |x [REVISIONARE]  |y BK 
999 |c 24149  |d 24149